| 000 | 00748nam a2200229 i 4500 | ||
|---|---|---|---|
| 001 | 27559 | ||
| 003 | ES-MaACL | ||
| 005 | 20251009203530.0 | ||
| 007 | t| | ||
| 008 | 030115s1943 sp f |||| |bspa d | ||
| 080 | _a929 Napoleón (44) II | ||
| 100 | 0 |
_aAubry, Octave. _d1881-1946 _923828 |
|
| 245 | 1 | 3 |
_aEl rey de Roma / _cOctave Aubry ; versión española de María Luz Morales. |
| 260 |
_aBarcelona : _bSurco, _c1943 ( _fImp. Hispano-Americana) |
||
| 300 |
_a350 p., 3 lám. ; _c23 cm. |
||
| 490 | 1 | _aLas nieves de ayer | |
| 600 | 1 | 7 |
_aNapoleón, _bII, _d1811-1832 _2 _9163052 |
| 700 | 1 |
_aMorales, María Luz, _d1889-1980 _983001 |
|
| 830 | 0 |
_aLas nieves de ayer _9184597 |
|
| 852 |
_aES-MaACL _jA-1581 |
||
| 999 |
_c27559 _d27559 |
||